| 000 | 01012nam a2200253 i 4500 | ||
|---|---|---|---|
| 001 | bg | ||
| 245 | 0 | 0 |
_aRocznik strategiczny 2004/05 = _bStrategic Yearbook 2004/05 : przegląd sytuacji politycznej, gospodarczej i wojskowej w środowisku międzynarodowym Polski / _cFundacja Studiów Międzynarodowych. |
| 250 | _aEd. 10. | ||
| 260 |
_aWarszawa : _b"Scholar", _c2005. |
||
| 300 |
_a459 s., [1] k. tabl. : _b1 fot. kolor. ; _c24 cm. |
||
| 650 | 9 |
_aPolityka międzynarodowa _zEuropa _yod 2001 r. |
|
| 651 | 9 |
_aPolska _xpolityka międzynarodowa _yod 2001 r. |
|
| 710 | 0 | _aFundacja Studiów Międzynarodowych | |
| 020 | _a8373831401 "Scholar" | ||
| 020 | _a8389050676 | ||
| 040 | _cBPK | ||
| 041 | 0 |
_apol _beng |
|
| 080 | _a327(4:438) | ||
| 920 | _a83-7383-140-1 "Scholar" | ||
| 920 | _a83-89050-67-6 | ||
| 942 | _cKS | ||
| 008 | s pl f |000 0 pol | ||
| 999 |
_c46147 _d46147 |
||
| 856 |
_uhttp://koha.tu.koszalin.pl/cgi-bin/koha/opac-detail.pl?biblionumber=46147 _yKatalog online BPK |
||